Toronto Raptors All-Time Scoring Leaders - Statistics

General Stats
  • This quiz has been taken 41 times
    33 since last reset
  • The average score is 11 of 20
Answer Stats
Points Player % Correct
13296 DeMar DeRozan
100%
9649 Kyle Lowry
100%
9420 Vince Carter
100%
10275 Chris Bosh
87%
2309 Fred VanVleet
84%
3425 Pascal Siakam
84%
5320 Jonas Valanciunas
74%
3957 Amir Johnson
71%
3876 Damon Stoudamire
68%
3994 Antonio Davis
58%
6581 Andrea Bargnani
52%
5235 Jose Calderon
42%
3199 Serge Ibaka
42%
3876 Alvin Williams
39%
3432 Terrence Ross
32%
6498 Morris Peterson
29%
4448 Doug Christie
23%
2531 Norman Powell
23%
2862 Jalen Rose
16%
2785 Anthony Parker
3%
No matching quizzes found
Score Distribution
Percent of People with Each Score
Percentile by Number Answered
Your Score History
You have not taken this quiz since the last reset